| 000 | 00499nam a22001937a 4500 | ||
|---|---|---|---|
| 003 | MPLRDC | ||
| 005 | 20220104145044.0 | ||
| 008 | 210129b ||||| |||| 00| 0 eng d | ||
| 020 | _a983-238-587-3 | ||
| 082 | _a738.6737 CSJ | ||
| 100 | _a陈嵩杰 | ||
| 245 |
_a森美兰华人史话 _c |
||
| 250 | _a初版 | ||
| 260 |
_a马来西亚 _b大将出版社 _c2003 |
||
| 300 | _b205 | ||
| 490 | _a大将观点. 25 | ||
| 650 | _a东南亚史地--马来西亚森美兰 | ||
| 942 |
_cBK _o738.6737 CSJ |
||
| 999 |
_c51115 _d51105 |
||